00789nam a22001697a 4500003000400000005001700004008004100021040000700062050001600069100002000085245008000105260002700185300002600212500002700238505032200265653003200587OSt20220224165701.0190716b xxu||||| |||| 00| 0 eng d cLC aKRX1750.A26 aAbotsi, Kofi E. aConstitutional law of Ghana: text, cases and commentary. /cE. Kofi Abotsi aLondon:c2017.b[s.n.] axviii, 460p.:c25 cm. aIncludes subject index aContents: Nature and scope of constitutional law -- Constitutional history of Ghana: General evolution -- Basic constitutional framework -- Distribution of national powers -- Fundamental human rights, state action and judicial protection -- Autonomous constitutional bodies -- Traditional constitutional institutions. aConstitutional law -- Ghana